The Marketing of Madness: Are We All Insane? (Record no. 335115)
[ view plain ]
| 000 -LEADER | |
|---|---|
| fixed length control field | 00575nam a2200097Ia 4500 |
| 008 - FIXED-LENGTH DATA ELEMENTS--GENERAL INFORMATION | |
| fixed length control field | 170517s9999 xx 000 0 und d |
| 245 #4 - TITLE STATEMENT | |
| Title | The Marketing of Madness: Are We All Insane? |
| 300 ## - PHYSICAL DESCRIPTION | |
| Extent | The Marketing of Madness is the definitive documentary on the psychiatric drugging industry. Here is the real story of the high income partnership between psychiatry and drug companies that has created an |
| Field link and sequence number | 0 billion psychotropic drug profit centre. But appearances are... |
| 650 ## - SUBJECT ADDED ENTRY--TOPICAL TERM | |
| General subdivision | Technology. |
| 856 ## - ELECTRONIC LOCATION AND ACCESS | |
| Uniform Resource Identifier | <a href="http://topdocumentaryfilms.com/marketing-of-madness-are-we-all-insane/">http://topdocumentaryfilms.com/marketing-of-madness-are-we-all-insane/</a> |
| Withdrawn status | Lost status | Damaged status | Home library | Current library | Date acquired | Total Checkouts | Date last seen | Price effective from | Koha item type |
|---|---|---|---|---|---|---|---|---|---|
| College Library | College Library | 05/17/2017 | 05/17/2017 | 05/17/2017 | Documentary Films |